00578nam a22001577a 4500003000900000005001700009008004100026040001300067100001500080245007600095250000600171260004200177300002100219490002600240520015400266IT-RoPau20220918181219.0131214b xxu||||| |||| 00| 0 eng d cIT-RoPau aLamera, A. aO Espírito de D. Timóteo GiaccardobDa Pia Sociedade de São Paulo aI aS. PaulobEdições Paulinas c1963 a331 pp.c21,5 cm aEdições Paulinas  aĺndice Prefácio Apresentação I Parte – Datos biograficos II Parte – Seu Espírito III Parte – Sua intercessão In memoria aeterna